| 000 | 00000cam 2200000zi 4500 |
| 001 | 9.951096 |
| 003 | CaOODSP |
| 005 | 20251119112149 |
| 006 | m o d f |
| 007 | cr ||||||||||| |
| 008 | 250514t20252025oncab ob f000 0 eng d |
| 020 | |a9780660772998 |
| 040 | |aCaOODSP|beng|erda|cCaOODSP |
| 043 | |an-cn--- |
| 086 | 1 |aEn3-4/381-2025E-PDF |
| 245 | 00|aRecovery strategy for the white shark (Carcharodon carcharias), Atlantic population. |
| 246 | 37|aRecovery strategy for the white shark (Atlantic population) |
| 246 | 33|aRecovery strategy for the white shark (Carcharodon carcharias) in Atlantic Canadian waters |
| 264 | 1|aOttawa : |bGovernment of Canada = Gouvernement du Canada, |c2025. |
| 264 | 4|c©2025 |
| 300 | |a1 online resource (vi, 44 pages) : |billustration, maps. |
| 336 | |atext|btxt|2rdacontent |
| 337 | |acomputer|bc|2rdamedia |
| 338 | |aonline resource|bcr|2rdacarrier |
| 490 | 1 |aSpecies at Risk Act recovery strategy series |
| 500 | |aIssued by: Fisheries and Oceans Canada. |
| 500 | |aIssued also in French under title: Programme de rétablissement du grand requin blanc (Carcharodon carcharias), population de l'Atlantique. |
| 500 | |aCover title. |
| 504 | |aIncludes bibliographical references (pages 31-41). |
| 650 | 0|aWhite shark|xConservation|zAtlantic Coast (Canada) |
| 650 | 0|aRare fishes|zAtlantic Coast (Canada) |
| 650 | 0|aWildlife recovery|zAtlantic Coast (Canada) |
| 710 | 1 |aCanada. |bDepartment of Fisheries and Oceans, |eissuing body. |
| 775 | 08|tProgramme de rétablissement du grand requin blanc (Carcharodon carcharias), population de l'Atlantique.|w(CaOODSP)9.951097 |
| 830 | #0|aSpecies at Risk Act recovery strategy series.|w(CaOODSP)9.505071 |
| 856 | 40|qPDF|s999 KB|uhttps://publications.gc.ca/collections/collection_2025/mpo-dfo/En3-4-381-2025-eng.pdf |
| 856 | 4 |qHTML|sN/A|uhttps://www.canada.ca/en/environment-climate-change/services/species-risk-public-registry/recovery-strategies/white-shark-2025.html |